| 000 | 00846cam a22002414a 4500 | ||
|---|---|---|---|
| 001 | 2156562 | ||
| 005 | 20180125043546.0 | ||
| 008 | 990517s2000 ctua b 001 0 eng | ||
| 010 | _a 99016059 | ||
| 020 | _a0275965066 (alk. paper) | ||
| 040 |
_aDLC _cDLC _dDLC |
||
| 041 | _aeng | ||
| 042 | _apcc | ||
| 080 | _a306.874 KER | ||
| 082 | 0 | 0 |
_a306.874 KER _221 |
| 100 | _a50 | ||
| 101 | _aSOC | ||
| 245 | 0 | 0 |
_aFamily and peers : _cedited by Kathryn A. Kerns, Josefina M. Contreras, and Angela M. Neal-Barnett. |
| 504 | _aIncludes bibliographical references and index. | ||
| 906 |
_a7 _bcbc _corignew _d1 _eocip _f19 _gy-gencatlg |
||
| 942 |
_2ddc _cBK |
||
| 999 |
_c40916 _d40916 |
||